000 00838cac a22002291u 4500
090 _c1608
008 081103t19841987xxu||||| |||| 00| 0 eng d
010 _a84002554
020 _a0226760944 (v. 1) :
020 _a0226760952 (pbk. : v. 1) :
082 0 0 _a128
_bS61718
100 _aSinger, Irving.
245 1 4 _aThe nature of love /
_cIrving Singer.
260 _aChicago :
_bUniversity of Chicago Press,
_c1984-1987.
300 _a3 v. ;
_c24 cm.
500 _aVol. 1, 2nd ed.
504 _aIncludes bibliographies and indexes.
505 0 _a1. Plato to Luther -- 2. Courtly and romantic -- 3. The modern world.
650 0 _aLove.
942 _cBB
_k128S61718
_2ddc
999 _c1608
_d1608